| 000 | 00991nam a22003014i 4500 | ||
|---|---|---|---|
| 001 | 200448504 | ||
| 999 |
_c200448504 _d66716 |
||
| 003 | TR-AnTOB | ||
| 005 | 20241129155057.0 | ||
| 007 | ta | ||
| 008 | 220407b ao 00| 0 tur d | ||
| 040 |
_aTR-AnTOB _beng _erda _cTR-AnTOB |
||
| 041 | 0 | _atur | |
| 050 | 1 | 4 |
_aHN373.5 _b.D59 |
| 090 |
_aHN373.5 _b.D59 |
||
| 245 | 0 | 0 | _aDiyaloğu yakala = Capture to diaologue. |
| 264 | 1 |
_aAnkara : _bAvrupa Birliği Bakanlığı, _c[date of publication not identified] |
|
| 300 |
_aunnumbered pages ; _c22 cm |
||
| 336 |
_atext _btxt _2rdacontent |
||
| 337 |
_aunmediated _bn _2rdamedia |
||
| 338 |
_avolume _bnc _2rdacarrier |
||
| 650 | 0 |
_aNon-governmental organizations _zTurkey _919112 |
|
| 650 | 7 |
_aSivil toplum örgütleri _zTürkiye _2 _99434 |
|
| 651 | 7 |
_aAvrupa Birliği ülkeleri _xSosyal politika _941867 |
|
| 710 | 1 |
_aTürkiye. _bAvrupa Birliği Bakanlığı _9122120 |
|
| 856 | 4 | _uhttps://siviltoplumdiyalogu.org/ | |
| 942 |
_2lcc _cBK |
||